=LDR 00000nam 2200000 4500 =001 INLIS000000000017622 =005 20200407073237 =035 ##$$a 0010-061300000017622 =008 200407################g##########0#ind## =041 ##$$a Ind =082 ##$$a 297.000 7 =090 ##$$a 2x0.000 7, Age a =245 1#$$a Agenda anak sholeh-sholeha : $b Panduan bagi anak-anak /$c Team H & P =260 ##$$a Jakarta :$b H & P,$c 2005 =300 ##$$a 123 hlm, ; $c 15 x 11 cm. =650 #4$$a Agama Islam-Pendidikan anak =850 ##$$a NBPNMAT =084 ##$$a 297.000 7 AGE a =100 #$$a Agenda - Anak Sholeh =990 ##$$a 20603204 =990 ##$$a 20603205 =990 ##$$a 20603206 =990 ##$$a 20603207 =990 ##$$a 20613612 =990 ##$$a 20613613 =990 ##$$a 20613614 =990 ##$$a 20613615